Dasaavataaras/ (Record no. 193395)

MARC details
000 -LEADER
fixed length control field 00559nam a22001817a 4500
005 - DATE AND TIME OF LATEST TRANSACTION
control field 20221027151307.0
010 ## - LCCN (DPL NO)
LC control number ENG-135559
020 ## - INTERNATIONAL STANDARD BOOK NUMBER
Terms of availability 175.00
International Standard Book Number 9788187745211
035 ## - SYSTEM CONTROL NUMBER
System control number EN-119091
037 ## - SOURCE OF ACQUISITION
Source of stock number/acquisition DBAD/PUB
082 ## - DEWEY DECIMAL CLASSIFICATION NUMBER
Classification number 230.1
100 ## - MAIN ENTRY--PERSONAL NAME
Personal name Srinivas usha k.
245 ## - TITLE STATEMENT
Title Dasaavataaras/
Statement of responsibility, etc By Usha k. srinivas
260 ## - PUBLICATION, DISTRIBUTION, ETC. (IMPRINT)
Place of publication, distribution, etc Hyderabad
Name of publisher, distributor, etc Yugadi publishers
Date of publication, distribution, etc 2012
270 ## - ADDRESS
Address 304, sridurga rajeev residency vijayapuri, tarnaka
City Hyderabad
Postal code 500017
Electronic mail address yugadipubli@yahoo.com
300 ## - PHYSICAL DESCRIPTION
Extent 141p.
Dimensions 22Cm(pbk)
942 ## - ADDED ENTRY ELEMENTS (KOHA)
Source of classification or shelving scheme Dewey Decimal Classification
Item type English Books
Call number suffix SRI
Classification part 230.1
Holdings
Withdrawn status Lost status Not for loan Collection code Home library Current library Date acquired Source of acquisition Cost, normal purchase price Full call number Barcode Copy number Cost, replacement price Koha item type
      Non-fiction Bawana Bawana 27/10/2022 DBAD/PUB 175.00 230.1 SRI EN-119091 1 175.00 English Books

© Delhi Public Library
Hit Counter
free hit counter